书目信息 |
| 题名: |
中国近代教育史资料
|
|
| 作者: | 舒新城 编 | |
| 分册: | 上册 | |
| 出版信息: | 北京 人民教育出版社 1981 |
|
| 页数: | 3册 | |
| 开本: | 21cm | |
| 丛书名: | ||
| 单 册: | ||
| 中图分类: | G529.5 | |
| 科图分类: | ||
| 主题词: | 教育史--中国--近代--史料 | |
| 电子资源: | ||
| ISBN: | 7012.037 | |
| 000 | 00700nam0 2200253 450 | |
| 001 | 0181007003 | |
| 005 | 20100712220032.0 | |
| 010 | @a7012.037@dCNY1.30 | |
| 091 | @a7012.037 | |
| 091 | @a7012.051(中) | |
| 091 | @a7012.052(下) | |
| 100 | @a19950610d1981 emky0chiy0110 ea | |
| 101 | 0 | @achi |
| 102 | @aCN@b110000 | |
| 105 | @ay i 000yy | |
| 106 | @ar | |
| 200 | 1 | @a中国近代教育史资料@9Zhong Guo Jin Dai Jiao Yu;Yo Shi Zi Liao @f舒新城编@h上册 |
| 210 | @a北京@c人民教育出版社@d1981 | |
| 215 | @a3册@d21cm | |
| 606 | 0 | @a教育史@y中国@z近代@x史料 |
| 690 | @aG529.5@v3 | |
| 701 | 0 | @a舒新城@9shu xin cheng@4编 |
| 801 | 0 | @aCN@bAzMarc@c20130904 |
| 905 | @aBZT@dG529.5@e2:1@f3@sG529.5/2:1 | |
| 中国近代教育史资料/舒新城编.上册.-北京:人民教育出版社,1981 |
| 3册;21cm |
| ISBN 7012.037:CNY1.30 |
| ● |
| 相关链接 |
|
|
|
正题名:中国近代教育史资料
索取号:G529.5/2:1
 
预约/预借
| 序号 | 登录号 | 条形码 | 馆藏地/架位号 | 状态 | 备注 |
| 1 | 2000036211 | 2000036211 | 旧书回溯/ [索取号:G529.5/2:1] | 在馆 | |
| 2 | 2000037246 | 2000037246 | 旧书回溯/ [索取号:G529.5/2:1] | 在馆 | |
| 3 | 2000087688 | 2000087688 | 旧书回溯/ [索取号:G529.5/2:1] | 在馆 |